| 000 | 00895nam a2200301Ia 4500 | ||
|---|---|---|---|
| 001 | 13678 | ||
| 003 | IT-RoPAU | ||
| 008 | 130308s9999 xx 000 0 und d | ||
| 040 | _aIT-RoPAU | ||
| 040 | _cIT-RoPAU | ||
| 041 | _aITALIANO | ||
| 100 | _aIvanov Vjaceslav Vsevolodovic | ||
| 100 | _gCodice Aut. SPICS: 5284 | ||
| 245 | _aSemiotica delle opposizioni mitologiche di vari popoli (La) | ||
| 245 | _bRicerche Semiotiche-Nuove tendenze delle Scienze Umane nell'Urss | ||
| 250 | _a1a ed. | ||
| 260 | _aTORINO | ||
| 260 | _bEinaudi | ||
| 260 | _c1973 [1° Ed.:1973 - Ed.Ling.Originale:] | ||
| 300 | _a"21 p. (prefazione: no ; testo: 21 [pagine: 127-147])" | ||
| 500 | _aCentrale Periferico maschile femminile Destra sinistra Anziano Giovane | ||
| 650 | _aSEMIOLOGIA | ||
| 650 | _eCodice materia Spics: 3251 | ||
| 942 | _cBK | ||
| 957 | _71 | ||
| 999 |
_c41203 _d41203 |
||
| 999 | _bSI | ||
| 999 | _g1 | ||